000
00267nam a22000977a 4500
999
_c
532018
_d
532018
082
_a
747
_b
EIN
100
_a
Von Ensieded, Andreas.
245
_a
More dream Homes 100 inspirational Interior /
942
_2
ddc
_c
BK